00218nam a2200085Ia 4500001000800000005001700008008004100025245003200066260003400098107089520250827002114.0250824s9999 xx 000 0 und d 0aDİVANcKADI BURHANEDDİN bTÜRK DİL KURUMU YAYINLARI